000
00312nam a2200121Ia 4500
008
231129s2004||||xx |||||||||||||| ||spa||
040
_b
spa
082
_a
323 C718s
245
0
_a
El Desplazamiento Forzado en Colombia.
260
_c
2004
264
_a
Imprenta Nacional; Defensoria del Pueblo
942
_2
ddc
_c
BKS
999
_c
10848
_d
10848